000 00271nam a22001217a 4500
008 180806b xxu||||| |||| 00| 0 eng d
082 _a813.52
245 _aBodyworks 4.0
_cSoftkey
260 _c1993-1995
300 _a1
_fCD
440 _x772040743550
942 _2ddc
_cMX
999 _c46840
_d46840